Normal view
MARC view
- Shelly Wollstone
Entry Personal Name
001 - CONTROL NUMBER
- control field: 6792
003 - CONTROL NUMBER IDENTIFIER
- control field: OSt
005 - DATE AND TIME OF LATEST TRANSACTION
- control field: 20180716143449.0
008 - FIXED-LENGTH DATA ELEMENTS
- fixed length control field: 180716|| aca||aabn | a|a d
040 ## - CATALOGING SOURCE
- Original cataloging agency: OSt
- Transcribing agency: OSt
100 ## - HEADING--PERSONAL NAME
- Personal name: Shelly Wollstone
670 ## - SOURCE DATA FOUND
- Source citation: Work cat.: (OSt): Shelly Wollstone, Frankenstein, 2016